Statistics for Lakers or Clippers?

Click here to take the quiz!

General Stats

  • This quiz has been taken 78 times
  • The average score is 11 of 15

Answer Stats

QuestionAnswer% Correct
Team that Kawhi Leonard signed?Clippers
99%
Phil Jackson gave this team 5 championships as a head coach.Lakers
97%
Which team does Steve Ballmer owns?Clippers
96%
Which team was formerly known as the Buffalo Braves?Clippers
93%
Which team were formerly stationed at Minneapolis?Lakers
89%
Which team has a winning All-time season record against each other?Lakers
86%
Which team are playing in Staples Center?Both
86%
Which team recorded an All-Time Winning streak record of 33?Lakers
85%
Formerly nicknamed as "Lob City"Clippers
83%
Which team did Bill Fitch once coached?Clippers
73%
Which team retired Gail Goodrich jersey?Lakers
72%
Which team is currently sponsored by Bumble?Clippers
69%
Who has a winning record against each other in the 2010s?Clippers
69%
Which team did Jerry West served as an Executive?Both
27%
Which team did Nick Young played before?Both
18%

Score Distribution

Percentile by Number Answered

Percent of People with Each Score

Your Score History

You have not taken this quiz